| 000 | 00748cam a22001691 4500 | ||
|---|---|---|---|
| 082 | 0 | 0 |
_a940.4009489 _bGIB |
| 100 | 1 |
_aGibson, Langhorne, _950253 |
|
| 245 | 1 | 4 |
_aThe riddle of Jutland; _ban authentic history, _cby Langhorne Gibson and Vice-Admiral J.E.T. Harper, R.N.; with an introduction by Sir Archibald Hurd; illustrated with photographs and fourteen diagrams by Ernest Clegg. |
| 260 |
_aNew York, _bCoward-McCann, inc., _c1934. |
||
| 300 |
_axvii, 416 p. _bfront., plates, ports., maps, diagrs. _c24 cm. |
||
| 526 |
_a0 _b0 _c0 _d940_400948900000000_GIB |
||
| 650 | 0 |
_aJutland, Battle of, 1916. _949663 |
|
| 650 | 0 |
_aMCE _9379 |
|
| 650 | 0 |
_aWorld War, 1914-1918 _xNaval operations. _949291 |
|
| 700 | 1 |
_aHarper, John E. T. _950254 |
|
| 942 |
_2ddc _cBK |
||
| 999 |
_c552980 _d552980 |
||